Datum a čas kvízu
27
Celkem bodů
Celkový počet nahraných bodů na tomto kvízu bez doplňovacích otázek.
8.
Pořadí na kvízu
Konečné umístění týmu na tomto kvízu.
Zaznamenané odpovědi
| # | Otázka | Odpověď | Body | Výsledky |
|---|---|---|---|---|
| 1. | V minulých dnech bylo v médiíc... | Pavel Tuleja | 1 | |
| 2. | Ke dvěma a půl letům vězení by... | D | 1 | |
| 3. | Pod kterým pseudonymem působí... | Nemo | 0 | |
| 4. | Objem daňových nedoplatků za l... | Česká správa sociálního zabezpečení | 0 | |
| 5. | Po dvanáctidenní plavbě dovezl... | Marseille | 1 | |
| 6. | Podíváme se do zemí či krajů,... | Muž z Acapulca | 1 | |
| 7. | Ve filmu Tři veteráni ztvárnil... | B | 0 | |
| 8. | Toto fiktivní království někol... | Wakanda, vibranium | 1 | |
| 9. | Přiřaďte tyto postavy z knižní... | 1D 2C 3B 4A | 1 | |
| 10. | Které drama režiséra Vladimíra... | Je třeba zabít Sekala | 0 |